| 000 | 00845nam a2200205 a 4500 | ||
|---|---|---|---|
| 005 | 20140412111407.0 | ||
| 008 | 061208s19uu xx 00 eng d | ||
| 020 | _a0-439-22255-9 | ||
| 050 |
_aTR(GS 307.3 _bH72 2003 |
||
| 100 | _aHollenbeck, Kathleen | ||
| 245 |
_aNeighborhood and community : _bReady to go activities, games, literature links, and hands - on reproducibles. |
||
| 260 |
_aUSA : _bScholastic, _c2003. |
||
| 300 | _a48 | ||
| 440 | _aEarly themes | ||
| 500 | _aIncludes Poster. Grades K-1 | ||
| 520 | _aHelp children learn about the world in which They live with this creative theme unit begins with an emphasison the home,progresses to a study of the neighborhood, and moves on to what makes up a community. | ||
| 650 | _aCommunities-Juvenile literature | ||
| 650 | _aNeighborhood-Juvenile literature | ||
| 999 |
_c105587 _d105587 |
||